[Event "Druzynowe Mistrzostwa Polski Juniorow - Ekstraliga 2021"]
[Site "Lublin"]
[Date "1899-12-30"]
[Round "6.20"]
[White "Grochol, Kamil"]
[Black "Koziorowicz, Michal"]
[Result "0-1"]
[WhiteTitle "I++"]
[BlackTitle "k+"]
[WhiteElo "1978"]
[BlackElo "2122"]

1. e4 c5 2. Nf3 e6 3. d4 cxd4 4. Nxd4 Nc6 5. Nc3 a6 6. Qd3 d6 7. Be2 Bd7 8. O-O
Nf6 9. Nxc6 Bxc6 10. Bf4 h6 11. Rad1 e5 12. Be3 Be7 13. Nd5 Bxd5 14. exd5 O-O
15. Qb3 Qc8 16. a4 Nd7 17. a5 f5 18. f4 e4 19. c3 Bf6 20. Qa3 Qc7 21. g4 Rac8
22. gxf5 Nc5 23. Kh1 Qd7 24. Rg1 Nd3 25. Qb3 Rc7 26. Rg2 Kh8 27. Rdg1 Qxf5 28.
Bg4 Qh7 29. Qb6 Rcf7 30. Be6 Bd8 31. Qxd6 Bc7 32. Qa3 Bxf4 33. Bxf7 Rxf7 34. Bd4
Bg5 35. Qd6 Qf5 36. Qe6 Qf3 37. Qg4 Rf4 38. Qc8+ Kh7 39. Qc4 Rf7 40. d6 Qf5 41.
Rg3 e3 42. Bxe3 Bxe3 43. Rxe3 Nf2+ 44. Kg2 Ng4 45. Rh3 Qc2+ 46. Kg3 Ne5 47. Qd4
Qg6+ 48. Kh4 Qf6+ 49. Kg3 Qg5+ 50. Qg4 Qxg4# 0-1

[Event "Druzynowe Mistrzostwa Polski Juniorow - Ekstraliga 2021"]
[Site "Lublin"]
[Date "1899-12-30"]
[Round "6.21"]
[White "Klimkowski, Jan"]
[Black "Jendrowiak, Maciej"]
[Result "1-0"]
[WhiteTitle "FM"]
[BlackTitle "II+"]
[WhiteElo "2322"]
[BlackElo "1472"]

1. Nf3 d5 2. g3 Nf6 3. Bg2 g6 4. b3 Bg7 5. Bb2 O-O 6. c4 e6 7. O-O b6 8. Qc2 Nbd7
9. cxd5 exd5 10. Nc3 Bb7 11. Rac1 c5 12. d4 Rc8 13. Rfd1 Qc7 14. e3 Qb8 15. Bh3
Rcd8 16. Qe2 Rfe8 17. dxc5 Nxc5 18. Nd4 Nfe4 19. b4 Nd7 20. Nf3 Ne5 21. Nxe5 Bxe5
22. Nxe4 dxe4 23. Bf1 Bxb2 24. Qxb2 Rxd1 25. Rxd1 Rd8 26. Rd4 Rxd4 27. Qxd4 Qc7
28. Bc4 a5 29. a3 axb4 30. axb4 h5 31. h4 Bc6 32. Qf6 Kf8 33. Bxf7 Qxf7 34. Qxc6
Qf3 35. Qxb6 Qd1+ 36. Kh2 Qf3 37. Qd6+ Kg7 38. Qd2 Qf5 39. Qb2+ Kf7 40. b5 g5
41. b6 1-0

[Event "Druzynowe Mistrzostwa Polski Juniorow - Ekstraliga 2021"]
[Site "Lublin"]
[Date "1899-12-30"]
[Round "6.22"]
[White "Seemann, Pola"]
[Black "Rog, Bartlomiej"]
[Result "0-1"]
[WhiteTitle "I++"]
[BlackTitle "I++"]
[WhiteElo "1607"]
[BlackElo "1872"]

1. e4 c5 2. Nf3 d6 3. d4 cxd4 4. Nxd4 Nf6 5. Nc3 Nc6 6. Bc4 Bd7 7. Bb3 g6 8. f3
Nxd4 9. Qxd4 Bg7 10. Be3 O-O 11. Qd2 b5 12. O-O a5 13. a4 b4 14. Ne2 Bc6 15. Bh6
Bxh6 16. Qxh6 Nd7 17. Nf4 Qb6+ 18. Kh1 Qd4 19. Rab1 Nb6 20. Rfd1 Qf6 21. Nd5 Bxd5
22. Bxd5 Rac8 23. Bb3 Nc4 24. Rd5 Nxb2 25. e5 dxe5 26. Rxb2 e4 27. Rb1 exf3 28.
gxf3 Qxf3+ 29. Kg1 Rxc2 30. Rg5 Qe3+ 31. Kh1 Rc1+ 32. Rxc1 Qxc1+ 33. Kg2 Qb2+
34. Kg1 Qxb3 35. Rxa5 Qd1+ 36. Kg2 Qe2+ 37. Kg1 Rd8 0-1

[Event "Druzynowe Mistrzostwa Polski Juniorow - Ekstraliga 2021"]
[Site "Lublin"]
[Date "1899-12-30"]
[Round "6.23"]
[White "Siekanska, Zuzanna"]
[Black "Kroliczek, Gabriela"]
[Result "1/2-1/2"]
[WhiteTitle "I++"]
[BlackTitle "k"]
[WhiteElo "1783"]
[BlackElo "1990"]

1. d4 d6 2. c4 f5 3. Nf3 Nf6 4. Nc3 g6 5. Bf4 Bg7 6. e3 O-O 7. c5 h6 8. Qb3+ Kh7
9. h4 Nh5 10. Be2 e6 11. Bh2 dxc5 12. dxc5 Qe7 13. Be5 Qxc5 14. Bxg7 Nxg7 15.
O-O c6 16. Na4 Qe7 17. Qc3 Nd7 18. b4 e5 19. g3 e4 20. Nd4 Ne8 21. h5 Ne5 22.
hxg6+ Nxg6 23. b5 cxb5 24. Bxb5 Nf6 25. Rac1 Ne5 26. Qc5 Qxc5 27. Rxc5 Nfg4 28.
Rc7+ Kg6 29. Nc5 a6 30. Ba4 b6 31. Nce6 Bxe6 32. Nxe6 Rf7 33. Rfc1 Nd3 34. R1c6
Nf6 35. Rxb6 a5 36. Rcc6 1/2-1/2

[Event "Druzynowe Mistrzostwa Polski Juniorow - Ekstraliga 2021"]
[Site "Lublin"]
[Date "1899-12-30"]
[Round "6.24"]
[White "Gaszka, Zuzanna"]
[Black "Siekanska, Maria"]
[Result "0-1"]
[WhiteTitle "I++"]
[BlackTitle "k"]
[WhiteElo "1474"]
[BlackElo "1903"]

1. e4 c5 2. Nf3 e6 3. d4 cxd4 4. Nxd4 Nc6 5. Nc3 d6 6. g4 Nge7 7. Nb3 a6 8. Be3
b5 9. a3 Ne5 10. f4 Nc4 11. Bxc4 bxc4 12. Nd2 d5 13. Bd4 Nc6 14. Nf3 dxe4 15.
Nxe4 Nxd4 16. Nxd4 Bb7 17. Qf3 Qxd4 18. Nf6+ gxf6 19. Qxb7 Qe3+ 20. Kf1 Qxf4+
21. Kg1 Bc5+ 22. Kg2 Qxg4+ 23. Kf1 Qf4+ 24. Ke1 Qe3+ 0-1

[Event "Druzynowe Mistrzostwa Polski Juniorow - Ekstraliga 2021"]
[Site "Lublin"]
[Date "1899-12-30"]
[Round "6.25"]
[White "Baum, Jonasz"]
[Black "Luberanski, Jakub"]
[Result "1-0"]
[WhiteTitle "IM"]
[BlackTitle "FM"]
[WhiteElo "2260"]
[BlackElo "2306"]

1. d4 Nf6 2. c4 e6 3. Nc3 Bb4 4. Nf3 O-O 5. Qc2 d5 6. cxd5 exd5 7. Bg5 h6 8. Bh4
g5 9. Bg3 Ne4 10. e3 Bf5 11. Bd3 c5 12. dxc5 Nd7 13. Bd6 Re8 14. O-O Bxc5 15.
Bxc5 Ndxc5 16. Nd4 Bg6 17. Nxe4 Nxd3 18. Qxd3 Bxe4 19. Qb5 h5 20. Qxb7 h4 21.
h3 Rb8 22. Qxa7 Rxb2 23. Qa3 Rb6 24. Qc3 g4 25. hxg4 h3 26. f3 hxg2 27. Kxg2 Bh7
28. Rh1 Qf6 29. Ne2 Qxc3 30. Nxc3 Rxe3 31. Nxd5 Re2+ 32. Kg3 Rd6 33. Nf4 Rb2 34.
a4 Ra6 35. Rh5 Bb1 36. Ra3 Rc6 37. Rh2 Rb4 38. a5 Ra6 39. Rd2 Kf8 40. Rd8+ Kg7
41. Rd5 Bc2 42. Rg5+ Kf8 43. Rc3 Bg6 44. Nxg6+ fxg6 45. Rc8+ Kf7 46. Rc7+ Kf6
47. Rgc5 Ra4 48. g5+ Ke6 49. Rg7 R4xa5 50. Rxg6+ Kf7 51. Rxa5 Rxa5 52. Rf6+ Kg7
53. f4 Ra1 54. Kg4 Rb1 55. Ra6 Rb4 56. Rd6 Ra4 57. Kf5 Ra5+ 58. Ke4 Ra1 59. Re6
Ra4+ 60. Kf5 Ra5+ 61. Re5 Ra7 62. g6 Ra1 63. Re7+ Kf8 64. Kf6 Ra6+ 65. Re6 Ra4
66. g7+ 1-0

[Event "Druzynowe Mistrzostwa Polski Juniorow - Ekstraliga 2021"]
[Site "Lublin"]
[Date "1899-12-30"]
[Round "6.26"]
[White "Czopor, Maciej"]
[Black "Malicka, Maria"]
[Result "1-0"]
[WhiteTitle "FM"]
[BlackTitle "FM"]
[WhiteElo "2279"]
[BlackElo "2272"]

1. e4 c6 2. d4 d5 3. e5 c5 4. dxc5 e6 5. a3 Bxc5 6. Nf3 Ne7 7. Bd3 Ng6 8. O-O O-O
9. b4 Bb6 10. Bb2 Nf4 11. Re1 Nxd3 12. Qxd3 a5 13. b5 a4 14. Nbd2 Nd7 15. Rad1
Nc5 16. Qe2 Bd7 17. c4 Qe8 18. Nd4 Ba5 19. cxd5 exd5 20. f4 Ne6 21. Qe3 Bxb5 22.
f5 Nxd4 23. Bxd4 Qc8 24. e6 fxe6 25. Qg5 e5 26. Rxe5 Rf7 27. Nf3 Bd8 28. Qh5 Qc2
29. Rde1 Bf6 30. Ng5 Bxg5 31. Qxg5 Qc4 32. Qg4 Raf8 33. h3 h5 34. Qf4 Qd3 35.
Re7 Bd7 36. Bxg7 Rxf5 37. Qh6 Rf1+ 38. Rxf1 Qxf1+ 39. Kh2 Qf4+ 40. Qxf4 Rxf4 41.
Rxd7 b5 42. Bc3 Rc4 43. Bb4 d4 44. Rd5 Kf7 45. Kg3 h4+ 46. Kf3 Ke6 47. Rxb5 d3
48. Ke3 Rc2 49. Rg5 Kd5 50. Ke4+ 1-0

[Event "Druzynowe Mistrzostwa Polski Juniorow - Ekstraliga 2021"]
[Site "Lublin"]
[Date "1899-12-30"]
[Round "6.27"]
[White "Janeczko, Jakub"]
[Black "Madej, Marek"]
[Result "1-0"]
[WhiteTitle "I++"]
[BlackTitle "I"]
[WhiteElo "1918"]
[BlackElo "1805"]

1. e4 c6 2. d4 d5 3. Nc3 dxe4 4. Nxe4 Nf6 5. Nxf6+ exf6 6. c3 Bd6 7. Bd3 O-O 8.
Qc2 Re8+ 9. Ne2 h5 10. Be3 Nd7 11. O-O-O Nf8 12. c4 Qa5 13. Kb1 b5 14. c5 Bc7
15. Be4 Rxe4 16. Qxe4 Be6 17. d5 Bxd5 18. Rxd5 cxd5 19. Qxd5 Rd8 20. Qb3 Ne6 21.
h3 f5 22. g3 Qa6 23. Rd1 Qc6 24. Rxd8+ Bxd8 25. Qd3 Be7 26. Qxf5 Bxc5 27. Bxc5
Qxc5 28. Qxc5 Nxc5 29. Kc2 Ne4 30. f3 Ng5 31. Ng1 Kf8 32. Kc3 Ke7 33. Kb4 a6 34.
Ka5 Ne6 35. Kxa6 Nd4 36. Ka5 Kd6 37. Kb4 g5 38. Kc3 Kd5 39. Kd3 Ke5 40. f4+ gxf4
41. gxf4+ Kd5 42. Ne2 Ne6 43. Nc3+ Kc6 44. Ke4 Nc5+ 45. Kd4 f6 46. f5 b4 47. Ne4
Nd7 48. h4 Ne5 49. Nxf6 Nf3+ 50. Ke4 Nxh4 51. Nxh5 Kc5 52. Nf4 b3 53. a4 Nxf5
54. Kxf5 Kb4 55. Ke4 Kxa4 56. Kd4 Kb4 57. Nd3+ Kb5 1-0

[Event "Druzynowe Mistrzostwa Polski Juniorow - Ekstraliga 2021"]
[Site "Lublin"]
[Date "1899-12-30"]
[Round "6.28"]
[White "Grot, Blazej"]
[Black "Mulawa, Cyprian"]
[Result "0-1"]
[WhiteTitle "CM"]
[BlackTitle "I"]
[WhiteElo "1728"]
[BlackElo "1989"]

1. c4 Nf6 2. g3 g6 3. Bg2 Bg7 4. Nc3 O-O 5. d3 c5 6. a3 Nc6 7. Rb1 a5 8. e3 e5
9. Nge2 d6 10. O-O Be6 11. Nd5 Rb8 12. Nec3 Nd7 13. b4 axb4 14. axb4 Nxb4 15.
Nxb4 cxb4 16. Rxb4 Nc5 17. Nd5 f5 18. Bb2 Qd7 19. d4 exd4 20. exd4 Ne4 21. Nf4
Bf7 22. Qd3 Rfe8 23. Re1 Nf6 24. Rb1 g5 25. Nd5 Nxd5 26. cxd5 f4 27. Qd2 Bg6 28.
Rc1 Qf5 29. Qd1 Re7 30. g4 Qf7 31. Rbc4 Rbe8 32. Rc8 h6 33. Ba3 Qf6 34. Qa4 f3
35. Bh3 Rxc8 36. Rxc8+ Kh7 37. Rc1 Qf4 38. Qc4 Bxd4 39. Bxd6 Re1+ 40. Rxe1 Bxf2+
41. Kxf2 Qxc4 42. Re7+ Kg8 43. Bf1 Qxd5 44. Rd7 Be8 45. Rd8 Kf7 46. Kg3 Bb5 47.
Rf8+ Kg7 48. Rd8 Kh7 49. Bc7 Qc5 0-1

[Event "Druzynowe Mistrzostwa Polski Juniorow - Ekstraliga 2021"]
[Site "Lublin"]
[Date "1899-12-30"]
[Round "6.29"]
[White "Rejniak, Zuzanna"]
[Black "Harazinska, Magdalena"]
[Result "1/2-1/2"]
[WhiteTitle "k"]
[BlackTitle "WFM"]
[WhiteElo "1754"]
[BlackElo "2034"]

1. e4 c5 2. Nf3 e6 3. g3 Nc6 4. Bg2 d5 5. exd5 exd5 6. O-O Be7 7. d4 Nf6 8. dxc5
O-O 9. Bg5 Bxc5 10. Nc3 d4 11. Ne4 Be7 12. Bxf6 Bxf6 13. Nxf6+ Qxf6 14. Qd2 Bf5
15. b4 Be4 16. b5 Bxf3 17. Bxf3 Qxf3 18. bxc6 Qxc6 19. Qxd4 Rfd8 20. Qb4 b6 21.
c4 Rd4 22. Rac1 Rc8 23. Rfe1 h5 24. Qb5 g6 25. Qxc6 Rxc6 26. Re7 a5 27. Rb7 Rdxc4
28. Rxc4 Rxc4 29. Rxb6 Rc2 30. a4 Rc4 31. Ra6 Rxa4 32. Kg2 Kg7 33. h4 Ra1 34.
Kf3 a4 35. Ke2 a3 36. Kf3 Kf8 37. Ke2 Ke7 38. Kd2 a2 39. Ke2 Kd7 40. Kf3 Kc7 41.
Kg2 Kb7 42. Ra3 Kc6 43. Ra6+ Kd5 44. Ra8 f6 45. Rd8+ Ke5 46. Re8+ Kf5 47. Ra8
g5 48. Ra5+ Kg6 49. Ra6 Kf7 50. Ra7+ Ke6 51. Ra6+ Kd5 52. Ra5+ Kc4 53. Ra8 Kb3
54. Rb8+ Kc3 55. Ra8 gxh4 56. gxh4 f5 57. Kf3 Kb3 58. Rb8+ Kc4 59. Ra8 Kb3 60.
Rb8+ Kc3 61. Ra8 Kb3 62. Rb8+ Kc3 63. Ra8 Kb2 64. Rb8+ Kc2 65. Ra8 Kb3 66. Rb8+
Kc3 67. Ke4 1/2-1/2

[Event "Druzynowe Mistrzostwa Polski Juniorow - Ekstraliga 2021"]
[Site "Lublin"]
[Date "1899-12-30"]
[Round "6.30"]
[White "Smietanska, Wiktoria"]
[Black "Pastuszko, Katarzyna"]
[Result "1-0"]
[WhiteTitle "CM"]
[BlackTitle "I++"]
[WhiteElo "1802"]
[BlackElo "1503"]

1. e4 e5 2. Nf3 Nc6 3. Bb5 a6 4. Ba4 b5 5. Bb3 Bc5 6. c3 Nf6 7. O-O d6 8. d4 Ba7
9. Re1 O-O 10. a4 Bg4 11. d5 Ne7 12. h3 Bh5 13. Qd3 h6 14. Nbd2 Nd7 15. Qe2 f5
16. exf5 Nxf5 17. g4 Ng3 18. Qd1 Bg6 19. Kg2 e4 20. fxg3 exf3+ 21. Nxf3 Qf6 22.
Bf4 Nc5 23. g5 hxg5 24. Nxg5 Nd3 25. Rf1 Nxf4+ 26. gxf4 Be3 27. Ne6 Be4+ 28. Kh2
Rfe8 29. Qe2 Qg6 30. f5 Qh6 31. Rae1 Rxe6 32. Qxe3 Qxe3 33. Rxe3 Re5 34. f6 gxf6
35. Rxf6 Rf8 36. Rg3+ Kh7 37. Rxf8 Bxd5 38. Bc2+ Be4 39. Rf4 1-0

[Event "Druzynowe Mistrzostwa Polski Juniorow - Ekstraliga 2021"]
[Site "Lublin"]
[Date "1899-12-30"]
[Round "7.1"]
[White "Luberanski, Jakub"]
[Black "Luczak, Filip"]
[Result "1/2-1/2"]
[WhiteTitle "FM"]
[BlackTitle "FM"]
[WhiteElo "2306"]
[BlackElo "2313"]

1. e4 g6 2. d4 Bg7 3. Nc3 d6 4. Be3 a6 5. Qd2 e6 6. O-O-O b5 7. h4 h5 8. Bg5 Qd7
9. d5 b4 10. dxe6 fxe6 11. Nce2 Qa4 12. Kb1 Nc6 13. Nf4 Nge7 14. Bc4 Qa5 15. Qc1
e5 16. Nd5 Nxd5 17. Bxd5 Bb7 18. Qe3 Qb5 19. Qh3 Nd8 20. Bxb7 Qxb7 21. Bxd8 Kxd8
22. Nf3 Qc8 23. Qg3 Qg4 24. Qh2 Ke7 25. Ng5 Bf6 26. f3 Qd7 27. f4 Qg4 28. fxe5
Bxe5 29. Qg1 Rhf8 30. Nf3 Qe6 31. Rd5 Bf6 32. Qd1 Kf7 33. e5 dxe5 34. Rxe5 Rad8
35. Qe2 Qd6 36. Ng5+ Kg8 37. Re4 Bxg5 38. hxg5 Rf2 39. Qc4+ Qd5 40. Re8+ Kf7 41.
Rhe1 Kg7 42. Qxc7+ Rd7 43. R8e7+ Rxe7 44. Rxe7+ Kf8 45. Re1 Qxg5 46. g3 Rf7 47.
Qb8+ Kg7 1/2-1/2

[Event "Druzynowe Mistrzostwa Polski Juniorow - Ekstraliga 2021"]
[Site "Lublin"]
[Date "1899-12-30"]
[Round "7.2"]
[White "Poltorak, Sebastian"]
[Black "Czopor, Maciej"]
[Result "1/2-1/2"]
[WhiteTitle "k"]
[BlackTitle "FM"]
[WhiteElo "2181"]
[BlackElo "2279"]

1. d4 Nf6 2. c4 e6 3. Nc3 Bb4 4. f3 c5 5. d5 O-O 6. e4 Re8 7. Nge2 d6 8. Nf4 Bxc3+
9. bxc3 e5 10. Ne2 Nh5 11. g4 Qh4+ 12. Kd2 Nf4 13. Qe1 Qxe1+ 14. Kxe1 Nd3+ 15.
Kd2 Nxc1 16. Nxc1 Nd7 17. Bd3 Nf8 18. Ne2 Rb8 19. h4 f6 20. Ke3 Bd7 21. a4 Kf7
22. h5 h6 23. Rhb1 Ke7 24. Rb2 Kd8 25. Bc2 a5 26. Rab1 Kc7 27. Rb6 Bc8 28. Ng3
Nh7 29. R6b2 b6 30. Rh1 Ng5 31. Bb3 Bd7 32. Rbh2 1/2-1/2

[Event "Druzynowe Mistrzostwa Polski Juniorow - Ekstraliga 2021"]
[Site "Lublin"]
[Date "1899-12-30"]
[Round "7.3"]
[White "Madej, Marek"]
[Black "Meers, Hubert"]
[Result "1-0"]
[WhiteTitle "I"]
[BlackTitle "k"]
[WhiteElo "1805"]
[BlackElo "1974"]

1. e4 c5 2. Nc3 a6 3. g3 b5 4. Bg2 Bb7 5. f4 e6 6. d3 Nc6 7. Nf3 d5 8. f5 dxe4
9. Nh4 exf5 10. Nxf5 g6 11. Ne3 Nf6 12. O-O Bg7 13. Nxe4 Nxe4 14. Bxe4 O-O 15.
Qd2 Qd7 16. Qg2 f5 17. Bd5+ Kh8 18. h4 Nd8 19. h5 Bxd5 20. Nxd5 Ne6 21. Be3 Rad8
22. c4 Bd4 23. Rae1 Rde8 24. hxg6 Bxe3+ 25. Rxe3 hxg6 26. Rfe1 Ng5 27. Qh1+ Kg7
28. Re7+ Nf7 29. Qh4 Qc6 30. Nc7 Qxc7 31. Rxe8 Rxe8 32. Rxe8 Qd7 33. Re3 g5 34.
Qh2 bxc4 35. Qd2 Kg6 36. Qc3 cxd3 37. Qxd3 Qxd3 38. Rxd3 Kh5 39. Rd5 Kg4 40. Rxc5
Nd6 41. Kg2 f4 42. gxf4 gxf4 43. Rc6 f3+ 44. Kf2 Ne4+ 45. Ke3 f2 46. Rc1 Kf5 47.
b4 Ke5 48. a4 Nc3 49. b5 a5 50. b6 Nd5+ 51. Kxf2 Nxb6 52. Rc5+ Kd6 53. Rxa5 Kc6
54. Ke2 Nd7 55. Kd3 Kb6 56. Rb5+ Ka6 57. Kc4 Nb6+ 58. Kb4 Ka7 59. Rh5 Ka6 60.
Rh6 Kb7 61. Kb5 Na8 62. a5 Nc7+ 63. Kc4 Ka7 64. Rh7 Kb7 65. Kc5 Kb8 66. Kc6 Na8
67. a6 1-0

[Event "Druzynowe Mistrzostwa Polski Juniorow - Ekstraliga 2021"]
[Site "Lublin"]
[Date "1899-12-30"]
[Round "7.4"]
[White "Dziewonski, Dariusz"]
[Black "Grot, Blazej"]
[Result "1-0"]
[WhiteTitle "I++"]
[BlackTitle "CM"]
[WhiteElo "1963"]
[BlackElo "1728"]

1. e4 e5 2. Nf3 Nc6 3. Bb5 a6 4. Ba4 Nf6 5. O-O b5 6. Bb3 Bb7 7. Re1 d6 8. c3 Be7
9. h3 O-O 10. d4 Re8 11. Nbd2 h6 12. Bc2 Bf8 13. Nf1 exd4 14. cxd4 Nb4 15. Ng3
Nxc2 16. Qxc2 c5 17. d5 Nd7 18. b3 Ne5 19. Nxe5 dxe5 20. a4 Rc8 21. axb5 axb5
22. Bd2 c4 23. bxc4 Rxc4 24. Qb3 Rd4 25. Bc3 Rd3 26. Qc2 Rxg3 27. fxg3 Qg5 28.
Kh2 Rc8 29. Qb2 Bd6 30. Ra7 Bxd5 31. Rd7 b4 32. Bd2 Qg6 33. exd5 e4 34. Bf4 Bxf4
35. gxf4 Qf5 36. Re7 Qxf4+ 37. Kh1 1-0

[Event "Druzynowe Mistrzostwa Polski Juniorow - Ekstraliga 2021"]
[Site "Lublin"]
[Date "1899-12-30"]
[Round "7.5"]
[White "Harazinska, Magdalena"]
[Black "Zabrzanska, Weronika"]
[Result "1/2-1/2"]
[WhiteTitle "WFM"]
[BlackTitle "k"]
[WhiteElo "2034"]
[BlackElo "1976"]

1. d4 Nf6 2. c4 e6 3. Nc3 d5 4. cxd5 exd5 5. Bg5 c6 6. Qc2 Bd6 7. e3 h6 8. Bh4
O-O 9. Bd3 Re8 10. Nge2 a5 11. h3 b6 12. O-O Ba6 13. Rac1 Bxd3 14. Qxd3 Qe7 15.
Ng3 Bxg3 16. Bxg3 Nbd7 17. Rfe1 Rac8 18. f3 Nf8 19. e4 Ne6 20. exd5 Nxd5 21. Nxd5
cxd5 22. Rc3 Qb4 23. Rb3 Qxd4+ 24. Qxd4 Nxd4 25. Rxe8+ Rxe8 26. Rxb6 Ne2+ 27.
Kf2 Nxg3 28. Kxg3 d4 29. Rd6 Re2 30. Rxd4 Rxb2 31. Ra4 Rb5 32. Rc4 f6 33. Rc8+
Kf7 34. Ra8 Ke6 35. Ra7 g6 36. a4 Rc5 37. Ra6+ Kf5 38. h4 h5 39. Kh3 g5 40. g4+
Kg6 41. gxh5+ Kxh5 42. Rxf6 Rc4 43. hxg5 1/2-1/2

[Event "Druzynowe Mistrzostwa Polski Juniorow - Ekstraliga 2021"]
[Site "Lublin"]
[Date "1899-12-30"]
[Round "7.6"]
[White "Tokarz, Izabela"]
[Black "Smietanska, Wiktoria"]
[Result "1/2-1/2"]
[WhiteTitle "I++"]
[BlackTitle "CM"]
[WhiteElo "1621"]
[BlackElo "1802"]

1. d4 Nf6 2. c4 g6 3. Nc3 Bg7 4. e4 d6 5. h3 e5 6. d5 a5 7. g4 Na6 8. Nge2 Nc5
9. Ng3 b6 10. Be3 h5 11. g5 Nh7 12. h4 f6 13. Nb5 Bd7 14. Bh3 fxg5 15. Bxd7+ Qxd7
16. hxg5 Nf8 17. Rh4 Qe7 18. Qd2 Nh7 19. O-O-O a4 20. Kb1 Kd7 21. Ne2 Kc8 22.
Nec3 Kb7 23. Rdh1 Rhf8 24. Ne2 Rf3 25. Nc1 Raf8 26. R1h2 Qd8 27. Ne2 Rg8 28. Ng1
Rf7 29. Ne2 Bf8 30. Nec3 Be7 31. Rg2 Rgf8 32. Rhh2 Rf3 33. Kc2 R8f7 34. Kb1 Qf8
35. Qe2 Qd8 36. Qd2 Kb8 37. Kc2 Qf8 38. Kb1 Kb7 39. Qe2 Rg7 40. Kc2 Rff7 41. Kb1
Qd8 42. Qd2 Rf3 43. Qd1 Rgf7 44. Qd2 Qf8 45. Qe2 Rg7 46. Qd2 Qf7 47. Qd1 Rg8 1/2-1/2

[Event "Druzynowe Mistrzostwa Polski Juniorow - Ekstraliga 2021"]
[Site "Lublin"]
[Date "1899-12-30"]
[Round "7.7"]
[White "Seemann, Jakub"]
[Black "Baum, Jonasz"]
[Result "1-0"]
[WhiteTitle "FM"]
[BlackTitle "IM"]
[WhiteElo "2305"]
[BlackElo "2260"]

1. Nf3 d5 2. c4 e6 3. g3 Nf6 4. Bg2 a6 5. b3 Bd6 6. Bb2 O-O 7. O-O b6 8. d3 Bb7
9. Nbd2 c5 10. cxd5 Nxd5 11. a3 Nc6 12. Qc2 Rc8 13. e3 Be7 14. Rfd1 Bf6 15. Rac1
Bxb2 16. Qxb2 Nf6 17. b4 cxb4 18. axb4 Qe7 19. Ne1 Nd5 20. Bxd5 exd5 21. b5 Ne5
22. Ndf3 Nd7 23. bxa6 Bxa6 24. Qa2 Rxc1 25. Rxc1 Nc5 26. d4 Bc4 27. Qa3 Rb8 28.
dxc5 b5 29. Nc2 b4 30. Nxb4 Qxc5 31. Nc2 Qb6 32. Nd2 Be2 33. Nd4 Bg4 34. Rb1 Qc7
35. Rxb8+ Qxb8 36. Nc6 Qe8 37. Qe7 1-0

[Event "Druzynowe Mistrzostwa Polski Juniorow - Ekstraliga 2021"]
[Site "Lublin"]
[Date "1899-12-30"]
[Round "7.8"]
[White "Malicka, Maria"]
[Black "Grochol, Kamil"]
[Result "1-0"]
[WhiteTitle "FM"]
[BlackTitle "I++"]
[WhiteElo "2272"]
[BlackElo "1978"]

1. e4 c6 2. d4 d5 3. f3 e6 4. Nc3 Bb4 5. Bd2 dxe4 6. Nxe4 Be7 7. Qe2 Nf6 8. O-O-O
b6 9. Qf2 Ba6 10. Ne2 Nbd7 11. h4 Nxe4 12. fxe4 Nf6 13. Ng3 Bxf1 14. Rhxf1 O-O
15. h5 h6 16. e5 Nd7 17. Ne4 f5 18. Nc3 Bg5 19. Ne2 c5 20. Kb1 cxd4 21. Nxd4 Nc5
22. Bb4 Qc8 23. Qe2 a6 24. Qc4 Re8 25. Nxf5 Qc7 26. Nd6 Re7 27. Rf3 Rd8 28. Rdf1
Nb7 29. Qxa6 Nc5 30. Qc4 Qc6 31. a3 Qc7 32. Rf7 Rxf7 33. Rxf7 Qc6 34. Bxc5 Rxd6
35. Rf8+ Kxf8 36. Bxd6+ 1-0

[Event "Druzynowe Mistrzostwa Polski Juniorow - Ekstraliga 2021"]
[Site "Lublin"]
[Date "1899-12-30"]
[Round "7.9"]
[White "Jendrowiak, Maciej"]
[Black "Mulawa, Cyprian"]
[Result "0-1"]
[WhiteTitle "II+"]
[BlackTitle "I"]
[WhiteElo "1472"]
[BlackElo "1989"]

1. d4 Nf6 2. Nf3 g6 3. Nbd2 d5 4. c4 c6 5. g3 Bg7 6. Bg2 O-O 7. O-O Bf5 8. b3 Nbd7
9. Bb2 b5 10. Rc1 Qb6 11. Ba1 Rfd8 12. Nh4 Be6 13. e3 g5 14. Nhf3 h6 15. Re1 Bf5
16. Qe2 e6 17. Kh1 Rac8 18. Red1 a6 19. h4 g4 20. Ne1 c5 21. e4 dxe4 22. Nxe4
Nxe4 23. Bxe4 cxd4 24. Bxf5 exf5 25. Qd3 bxc4 26. bxc4 Nc5 27. Qxf5 Qe6 28. Qxe6
fxe6 29. Nd3 Nxd3 30. Rxd3 e5 31. Rdd1 Rc5 32. Rd2 Rdc8 33. Rdc2 d3 34. Rd2 Rxc4
35. Rcd1 e4 36. Bxg7 Kxg7 37. Rb2 Rc1 38. Rxc1 Rxc1+ 39. Kg2 h5 40. Rb7+ Kf6 41.
Rb6+ Ke5 42. Rb2 Rc2 43. Rb8 d2 44. Rd8 e3 45. f4+ 0-1

[Event "Druzynowe Mistrzostwa Polski Juniorow - Ekstraliga 2021"]
[Site "Lublin"]
[Date "1899-12-30"]
[Round "7.10"]
[White "Pancewicz, Szymon"]
[Black "Seemann, Pola"]
[Result "1-0"]
[WhiteTitle "I+"]
[BlackTitle "I++"]
[WhiteElo "1872"]
[BlackElo "1607"]

1. e4 e5 2. Bc4 Nf6 3. Qf3 Nc6 4. Ne2 Bc5 5. d3 O-O 6. Nbc3 h6 7. h3 d6 8. g4 Nd4
9. Nxd4 exd4 10. Ne2 Nd7 11. Qg3 Ne5 12. Bb3 Be6 13. f4 Bxb3 14. axb3 Nd7 15.
g5 g6 16. gxh6 Kh7 17. h4 Rg8 18. Bd2 Qe7 19. O-O-O Bb6 20. h5 a5 21. Kb1 a4 22.
b4 c5 23. hxg6+ fxg6 24. Qh3 cxb4 25. Bxb4 Bc5 26. Bd2 b5 27. f5 Ne5 28. fxg6+
Nxg6 29. Rdf1 b4 30. Qf5 Rgf8 31. Qd5 b3 32. cxb3 axb3 33. Qxb3 Rab8 34. Qd5 Ba3
35. Bc1 Bc5 36. Rhg1 Ra8 37. Rxf8 Rxf8 38. Qg5 Qf7 39. Nf4 Rg8 40. Nxg6 Rxg6 41.
Qxg6+ Qxg6 42. Rxg6 Kxg6 43. Kc2 Bb6 44. Kb3 Bc5 45. Kc4 Kh7 46. b4 Bb6 47. Kd5
Bc7 48. Kxd4 Kg6 49. Kd5 Kh7 50. Kc6 1-0

[Event "Druzynowe Mistrzostwa Polski Juniorow - Ekstraliga 2021"]
[Site "Lublin"]
[Date "1899-12-30"]
[Round "7.11"]
[White "Kroliczek, Gabriela"]
[Black "Rejniak, Zuzanna"]
[Result "1-0"]
[WhiteTitle "k"]
[BlackTitle "k"]
[WhiteElo "1990"]
[BlackElo "1754"]

1. e4 c5 2. Nf3 d6 3. Nc3 a6 4. g3 Nc6 5. Bg2 Nf6 6. d3 e6 7. O-O Be7 8. h3 Qc7
9. Nd2 O-O 10. f4 b5 11. g4 Nd7 12. Nf3 b4 13. Ne2 d5 14. Qe1 dxe4 15. dxe4 c4
16. g5 Nc5 17. Nh2 b3 18. axb3 cxb3 19. c3 a5 20. Ng4 Ba6 21. Bf3 Rad8 22. Kh1
Bxe2 23. Qxe2 Nd3 24. e5 a4 25. Rxa4 Nxc1 26. Rxc1 Nd4 27. Qg2 Nxf3 28. Qxf3 Rd2
29. Rb1 Qd7 30. Raa1 Rd8 31. Rg1 Qd5 32. Qxd5 R8xd5 33. Nf6+ Bxf6 34. gxf6 g6
35. Ra8+ Rd8 36. Rga1 h5 37. R1a3 Rxa8 38. Rxa8+ Kh7 39. Rf8 Rxb2 40. Rxf7+ Kg8
41. Rb7 Rb1+ 42. Kg2 b2 43. c4 Rc1 44. Rxb2 Rxc4 45. Kg3 Rc7 46. Kh4 Rc1 47. Kg5
Rg1+ 48. Kh6 h4 49. Rb6 Rg3 50. Rxe6 Rxh3 51. Re8+ Kf7 52. Re7+ Kf8 53. Kxg6 Rg3+
54. Kf5 h3 55. Rh7 Ra3 56. Rh8+ Kf7 57. e6# 1-0

[Event "Druzynowe Mistrzostwa Polski Juniorow - Ekstraliga 2021"]
[Site "Lublin"]
[Date "1899-12-30"]
[Round "7.12"]
[White "Pastuszko, Katarzyna"]
[Black "Gaszka, Zuzanna"]
[Result "0-1"]
[WhiteTitle "I++"]
[BlackTitle "I++"]
[WhiteElo "1503"]
[BlackElo "1474"]

1. e4 e5 2. Nf3 Nc6 3. d4 exd4 4. c3 dxc3 5. Nxc3 Be7 6. Bc4 d6 7. O-O Nf6 8. Qb3
O-O 9. Ng5 Ne5 10. f4 Nxc4 11. Qxc4 h6 12. Nf3 Be6 13. Qe2 Re8 14. h3 d5 15. f5
Bc5+ 16. Be3 Bxe3+ 17. Qxe3 Bxf5 18. e5 Ne4 19. Nd4 Bg6 20. Nf3 c6 21. Kh2 Qe7
22. Qf4 Nc5 23. Kh1 Nd3 24. Qg3 Rad8 25. Rad1 Nxb2 26. Rd2 Nc4 27. Rdf2 Ne3 28.
Re1 Nf5 29. Qh2 Qc5 30. Nd1 d4 31. Qf4 Qd5 32. Nd2 c5 33. Nf3 c4 34. Rd2 Qc5 35.
Kh2 c3 36. Rc2 Ne7 37. Rc1 Nc6 38. Re2 d3 39. Rf2 c2 40. Ne3 Qa3 41. Nc4 Qxa2
42. Nfd2 Rd4 43. Qe3 Rxc4 44. Nxc4 Qxc4 45. Rd2 Rxe5 0-1

[Event "Druzynowe Mistrzostwa Polski Juniorow - Ekstraliga 2021"]
[Site "Lublin"]
[Date "1899-12-30"]
[Round "7.13"]
[White "Mis, Mieszko"]
[Black "Dzida, Kamil"]
[Result "1-0"]
[WhiteTitle "FM"]
[BlackTitle "k+"]
[WhiteElo "2336"]
[BlackElo "2204"]

1. d4 Nf6 2. c4 e6 3. Nc3 Bb4 4. e3 O-O 5. Bd2 d5 6. Nf3 b6 7. cxd5 exd5 8. Rc1
a6 9. Bd3 Bb7 10. O-O Nbd7 11. Ne5 Nxe5 12. dxe5 Nd7 13. f4 Nc5 14. Bc2 a5 15.
a3 Bxc3 16. Bxc3 Ne4 17. Bxe4 dxe4 18. Qg4 Qd3 19. Qg3 Qe2 20. f5 Ba6 21. Rf2
Qh5 22. e6 Qh6 23. Rf4 f6 24. Rxe4 c5 25. Rd1 Qh5 26. Rd7 g6 27. fxg6 hxg6 28.
Rg4 1-0

[Event "Druzynowe Mistrzostwa Polski Juniorow - Ekstraliga 2021"]
[Site "Lublin"]
[Date "1899-12-30"]
[Round "7.14"]
[White "Koziorowicz, Michal"]
[Black "Chyzy, Jakub"]
[Result "0-1"]
[WhiteTitle "k+"]
[BlackTitle "FM"]
[WhiteElo "2122"]
[BlackElo "2257"]

1. e4 e5 2. Bc4 Nf6 3. d3 Nc6 4. Nc3 Na5 5. Bb3 Nxb3 6. axb3 d5 7. Nf3 dxe4 8.
Nxe5 exd3 9. Nxd3 Bg4 10. f3 Bf5 11. Qe2+ Be7 12. Ne5 O-O 13. Be3 Re8 14. O-O
Bd6 15. Nc4 Bc5 16. Rfe1 b5 17. Nxb5 Nd5 18. Rad1 Nxe3 19. Nxe3 Qf6 20. Qf2 Qb6
21. Rd5 Bxe3 22. Rxe3 Rxe3 23. Nd4 Be6 0-1